Регионална библиотека "Любен Каравелов" - Русе

Dictionnaire du francais en liberte (Запис номер 6652)

MARC детайли
000 -Лидер
Контролно поле с фиксирана дължина 01190nam a2200337 c 4500
003 - Код на организацията, давaща контролен номер
Контролно поле BLK
005 - Дата и час на последна редакция
Контролно поле 20221213120136.0
008 - Елементи от данни с фиксирана дължина
fixed length control field 180412b bul|||||r ||||||| ||bul||
010 ## - Наследен системен номер
LC control number KNG00007904000
020 ## - Международен стандартен номер на книга ISBN
Международен стандартен номер на книга ISBN 954-427-184-8
-- издат.: Abagar
040 ## - Източник на каталожния запис
Идентификатор на билиотеката - собственик на записа BLK
041 ## - Код за език
Код за езика на текст/звукозапис или на отделно заглавие Френски
Код за езика КДБФ Френски
080 ## - УДК
Текстов определител УДК Френски език
УДК код - определител по УДК 811.133.1
УДК определител -318(038.1)
УДК - код + определител 811.133.1-318(038.1)
100 1# - Редна дума - Автор
Автор Doncev, Donco Georgiev
R(LIN) 251719
139 ## - Редно поле
Редна дума Doncev, Donco Georgiev
Авторски знак Don - D 72
245 10 - Сведения за заглавието
Заглавие Dictionnaire du francais en liberte
Подзаглавни данни Fr. argotique, populaire et familier
Редно поле (дума) Donco Georgiev Doncev.
257 ## - Страна на издаване
Страна на създаване/издаване България
260 ## - Област на издателските данни
-- V. Tarnovo
Име на издателя, разпространителя и проч. Abagar
Година на издаване 1995
300 ## - Физическа характеристика
Страници 304 с.
Размери/Мащаб 24 см
380 ## - Жанр
Жанр Езикознание. Филология
500 ## - Общи забележки
Забележка Авт. не е отбелязан на кор ; 2 000 тир.
650 #4 - Допълнително описание по предмет – тема
Основно описание – тема или топоним Френски език - жаргон, социални и професионални диалекти - речници
9 (RLIN) 251720
653 ## - Ключова дума – ненормативна
Ключова дума френски език
653 ## - Ключова дума – ненормативна
Ключова дума жаргон
653 ## - Ключова дума – ненормативна
Ключова дума речници
852 ## - Местоположение
Форматна сигнатура Цб 183366
856 4# - Електронен адрес и достъп
Електронен формат pdf - файл
Път до файла /url/
856 4# - Електронен адрес и достъп
Електронен формат pdf - файл
Път до файла /url/
942 ## - АРТИКУЛИ
Вид на библиотечния материал Книги
Скрит в OPAC Не
944 ## - СЪЗДАВАНЕ И РЕДАКЦИЯ на ЗАПИСА
Създаване/Редакция Създаване
Дата на регистрацията/редакция 15.01.2003
Служител, извършил регистрацията/редакцията Теодора_Стоянова
944 ## - СЪЗДАВАНЕ И РЕДАКЦИЯ на ЗАПИСА
Създаване/Редакция Редакция
Дата на регистрацията/редакция 11.11.2003
Служител, извършил регистрацията/редакцията
999 ## - СИСТЕМНИ КОНТРОЛНИ НОМЕРА
Koha biblionumber 6652
Koha biblioitemnumber 6652
Наличности
Код за отписване Код за изгубен артикул Източник на класификационната схема Код за повреда Коз за рестрикции Код за отдаване Артикулен № Име на библиотеката - собственик Име на библиотеката, в която се намира в момента Статус (Текущо местоположение) Дата на вписване в системата Местоположение - отдел Цена в лева Инвентарен номер Систематично азбучна сигнатура Баркод Номер на екземпляра Цена в евро Служебна бележка Служебен тип на артикула
  Не е изгубен Universal Decimal Classification Не е повреден без рестрикции ползва се в читалня 11579 Регионална библиотека "Любен Каравелов" Русе Регионална библиотека "Любен Каравелов" Русе Хранилище 2001-01-01 Хранилище 2.43 614162 Цб 183366 120000614162 1 1.24 Дата инв: 30.09.2014 Бележки инв: Цб2014 Книги
  Не е изгубен   Не е повреден без рестрикции ползва се в читалня 11580 Регионална библиотека "Любен Каравелов" Русе Регионална библиотека "Любен Каравелов" Русе Читалня 4 - справочен фонд 2001-01-01 Читалня 4 - справочен фонд 0.00 617793 С4 804.0(038.1)/D 72 617793 2 0.00 Дата инв: 12.06.2017 Бележки инв: С42017 Книги
Vip Innovations Ltd, Rousse, Bulgaria 2025